00574nam a2200169Ia 450000500170000000800410001702000180005808200130007610000130008924500260010226001130012830000130024150000320025494200060028695200970029299900150038920250620034224.0240331s9999 xx 000 0 und d a9789551468064 bBASa322 aBasil, F 0aManawa Himikam Pahana aSri LankabPeople's Alliance for the Elimination of Torture in Sri Lanka Asian human Rights Commissionc2007 a151 p ., aA book on Human Rights Lamp cL 001040708LaWERCLbWERCLcSSCd2024-03-31l0o 322.6 BASp6684r2024-03-31w2024-03-31yL c5747d5747